| 000 | 00000nam##2200000za#4500 |
| 001 | 9.663197 |
| 003 | CaOODSP |
| 005 | 20210615120934 |
| 007 | ta |
| 008 | 150407|2001||||xxc||||| f|0| 0 eng|d |
| 040 | |aCaOODSP|beng |
| 041 | |aeng |
| 041 | |afre |
| 043 | |an-cn--- |
| 086 | 1 |aH114-7/2001 |
| 110 | 1 |aCanada. |bPest Management Regulatory Agency. |
| 245 | 10|aCooperator information from the Pest Management Regulatory Agency on posting of research areas : |binformation à l'intention des collaborateurs fournie par l'Agence de réglementation de la lutte antiparasitaire |
| 260 | |aOttawa - Ontario : |bHealth Canada. |c2001. |
| 300 | |aEnglish text, 2p. ; |c22 cm. |
| 546 | |aBilingual |
| 563 | |aSoftcover |
| 590 | |a01-41|b2001-10-12 |
| 690 | 07|aPesticides|2gcpds |
| 776 | 0#|tAffichage aux aires de recherche : |w(CaOODSP)9.639669 |
| 776 | 0#|tCooperator information from the Pest Management Regulatory Agency on posting of research areas |w(CaOODSP)9.695538 |
| 792 | |tAffichage aux aires de recherche : |efre|w(CaOODSP)9.663198 |